Caius C. Maecenas politikai tevékenysége = Caius Maecenas, the politician

Caius Cilnius Maecenas is rather known as the generous patron of such poets as Virgil and Horace, which has made his name a personifi cation of such activities. Nevertheless, he was a confi dant and political advisor to Octavian and had a signifi cant infl uence to him. He fi rst appears in 40 BC, w...

Teljes leírás

Elmentve itt :
Bibliográfiai részletek
Szerző: Takács Anikó
Dokumentumtípus: Cikk
Megjelent: Belvedere Meridionale Szeged 2013
Sorozat:Belvedere Meridionale 25 No. 2
Kulcsszavak:Maecenas Caius Cilnius, Politikatörténet - Római Birodalom - ókor, Római Birodalom története - ókor
Tárgyszavak:
mtmt:http://dx.doi.org/10.14232/belv.2013.2.7
Online Access:http://acta.bibl.u-szeged.hu/31805
LEADER 01920nab a2200229 i 4500
001 acta31805
005 20250714120911.0
008 161017s2013 hu o 000 hun d
024 7 |a http://dx.doi.org/10.14232/belv.2013.2.7  |2 doi 
040 |a SZTE Egyetemi Kiadványok Repozitórium  |b hun 
041 |a hun 
041 |a eng 
100 1 |a Takács Anikó 
245 1 0 |a Caius C. Maecenas politikai tevékenysége = Caius Maecenas, the politician  |h [elektronikus dokumentum] /  |c  Takács Anikó 
260 |a Belvedere Meridionale  |b Szeged  |c 2013 
300 |a 72-82 
490 0 |a Belvedere Meridionale  |v 25 No. 2 
520 3 |a Caius Cilnius Maecenas is rather known as the generous patron of such poets as Virgil and Horace, which has made his name a personifi cation of such activities. Nevertheless, he was a confi dant and political advisor to Octavian and had a signifi cant infl uence to him. He fi rst appears in 40 BC, when he was employed by Octavian in arranging his marriage with Scribonia, and aft erwards in assisting to negotiate the treaty of Brundisium and the reconciliation with Mark Antony. He also had an important mission by the Treaty of Tarentum. During the Sicilian war against Sextus Pompeius in 36, Maecenas was sent back to Rome and was entrusted with supreme administrative control in the city and in Italy. Although holding no offi ce or military command, he secretly scotched a plot to kill Octavian on his return from the East and executed its supposed leader. Th is article tries to highlight his signifi cant political role he had played in the establishment of the principate beside Octavian. 
650 4 |a Bölcsészettudományok 
650 4 |a Történettudomány és régészet 
695 |a Maecenas Caius Cilnius, Politikatörténet - Római Birodalom - ókor, Római Birodalom története - ókor 
856 4 0 |u http://acta.bibl.u-szeged.hu/31805/1/belvedere_2013_002_072-082.pdf  |z Dokumentum-elérés